Les chansons de Zola - Mort subite - Statistiques

Statistiques générales
  • Ce quiz a été pris 1 019 fois
    1 018 depuis la dernière actualisation
  • Le résultat moyen est 7 sur 13
Answers on the Grid
Answers color-coded by a green-red scale on the quiz's grid according to % correct below.
Papers
Ouais ouais
Oe oe
L1 L2
L2 L3
L3 L4
Astroboy
AMBER
AMBRE
California Girl
Texan Girl
Madame
Monsieur
Bad Bi
Fuckboi
Fuckboy
COEUR DE ICE
COEUR DE PIERRE
Wow
Waw
Papillon
Butterfly
Sanchez
Sanches
 
Statistiques - réponses
Réponse % Correct
L1 L2
67%
AMBER
63%
Papers
58%
Astroboy
55%
COEUR DE ICE
55%
Wow
55%
California Girl
54%
Madame
52%
Ouais ouais
49%
Papillon
49%
Fuckboi
43%
Sanchez
42%
Bad Bi
41%
Aucun quiz correspondant
Distribution des résultats
% des personnes avec chaque résultat
Percentile par nombre de réponses
Votre historique - résultats
Vous n’avez pas pris ce quiz depuis la dernière actualisation